Enron <the> rise and fall

Salvato in:
Dettagli Bibliografici
Autore principale: Fox, Loren
Natura: Libro
Lingua:inglese
Pubblicazione: Hoboken John Wiley & Sons, Inc. 2003
Soggetti:
Tags: Aggiungi Tag
Nessun Tag, puoi essere il primo ad aggiungerne!!

MARC

LEADER 00000nam$a2200000$$$4500
001 0009536
005 20240306135203.9
020 |a 0-471-23760-4 
041 0 |a eng 
044 |a US 
245 1 0 |a Enron  |b <the> rise and fall  |c Loren Fox 
264 1 |a Hoboken  |b John Wiley & Sons, Inc.  |c 2003 
300 |a 370 s. 
610 2 0 |a energetika 
610 2 0 |a energia 
610 2 0 |a USA 
610 2 0 |a trh finančný 
610 2 0 |a trh energetický 
610 2 0 |a korupcia 
610 2 0 |a Enron Corp. 
100 1 |a Fox, Loren